[Event "ROM-ch U10 Girls"]
[Site "Calimanesti"]
[Date "2018.04.01"]
[Round "7"]
[White "Savu, Isabela"]
[Black "Sufan, Dalina Silvana"]
[Result "0-1"]
[WhiteElo "1001"]
[BlackElo "1001"]
[PlyCount "38"]
[EventDate "2018.03.27"]
[EventType "swiss"]
[EventRounds "9"]
[EventCountry "ROU"]
[SourceTitle "CBM 183 Extra"]
[Source "ChessBase"]
[SourceDate "2018.04.19"]
[SourceVersion "1"]
[SourceVersionDate "2018.04.19"]
[SourceQuality "1"]

1. e4 e5 2. Bd3 Nf6 3. Nc3 Nc6 4. Bc4 Bc5 5. d3 0-0 6. Bd2 d6 7. Nf3 h6 8. 0-0 Qe7 9. Re1 Be6 10. Kf1 a6 11. Bxe6 Qxe6 12. Nh4 Ng4 13. Nf3 Nxf2 14. d4 Nxd1 15. Rexd1 exd4 16. Ke1 d3 17. cxd3 Qg4 18. Rac1 Qxg2 19. Bf4 Qf2# 0-1

[Event "ROM-ch U10 Girls"]
[Site "Calimanesti"]
[Date "2018.03.29"]
[Round "3"]
[White "Savu, Isabela"]
[Black "Rata, Eliza"]
[Result "0-1"]
[WhiteElo "1001"]
[BlackElo "1001"]
[PlyCount "58"]
[EventDate "2018.03.27"]
[EventType "swiss"]
[EventRounds "9"]
[EventCountry "ROU"]
[SourceTitle "CBM 183 Extra"]
[Source "ChessBase"]
[SourceDate "2018.04.19"]
[SourceVersion "1"]
[SourceVersionDate "2018.04.19"]
[SourceQuality "1"]

1. e4 d5 2. Nc3 Nf6 3. Nf3 Bg4 4. Be2 e6 5. 0-0 Bb4 6. Qe1 Bxc3 7. bxc3 Nxe4 8. Nd4 Bxe2 9. Qxe2 0-0 10. d3 Nxc3 11. Qe1 Na4 12. Rb1 Nb6 13. Qd1 Nc6 14. Nxc6 bxc6 15. Re1 c5 16. g4 c4 17. dxc4 Nxc4 18. Rb4 Rb8 19. Rxb8 Qxb8 20. Qd2 Nxd2 21. Bxd2 Qb2 22. Bb4 Qxb4 23. Rf1 Qxg4+ 24. Kh1 Rb8 25. a4 Qf4 26. f3 Qe3 27. Rd1 Qf2 28. c4 Rb2 29. Rg1 Qxh2# 0-1